000 00366nam a2200145Ia 4500
008 221030s9999 xx 000 0 und d
041 _aEnglish
082 _a105.23
_bSon
100 _aP. L. Soni
245 2 _aA Text Book of Inorganic Chemistry
_cby P. L. Soni
260 _bS..Chand & Co.
_aNew Delhi
_c1984
300 _a3.354
650 _aChemistry
942 _cBK
999 _c8215
_d8215